|
|
|
|
| LEADER |
00000cam a22000004a 4500 |
| 001 |
musev2_6047 |
| 003 |
MdBmJHUP |
| 005 |
20230905040719.0 |
| 006 |
m o d |
| 007 |
cr||||||||nn|n |
| 008 |
050128s2005 nju o 00 0 eng d |
| 010 |
|
|
|z 2005002576
|
| 020 |
|
|
|a 9780813537917
|
| 020 |
|
|
|z 0813536863
|
| 020 |
|
|
|z 9780813536866
|
| 020 |
|
|
|z 0813537916
|
| 035 |
|
|
|a (OCoLC)68626797
|
| 040 |
|
|
|a MdBmJHUP
|c MdBmJHUP
|
| 043 |
|
|
|a n-us---
|
| 050 |
0 |
4 |
|a HD9975.U52
|b Z56 2005
|
| 082 |
0 |
|
|a 363.72/82/0973
|2 22
|
| 100 |
1 |
|
|a Zimring, Carl A.,
|d 1969-
|
| 245 |
1 |
0 |
|a Cash For Your Trash :
|b Scrap Recycling in America /
|c Carl A. Zimring.
|
| 264 |
|
1 |
|a New Brunswick, N.J. :
|b Rutgers University Press,
|c 2005.
|
| 264 |
|
3 |
|a Baltimore, Md. :
|b Project MUSE,
|c 2012
|
| 264 |
|
4 |
|c ©2005.
|
| 300 |
|
|
|a 1 online resource (240 pages):
|b ill. ;
|
| 336 |
|
|
|a text
|b txt
|2 rdacontent
|
| 337 |
|
|
|a computer
|b c
|2 rdamedia
|
| 338 |
|
|
|a online resource
|b cr
|2 rdacarrier
|
| 500 |
|
|
|a Originally presented as the author's thesis (doctoral)--Carnegie Mellon.
|
| 504 |
|
|
|a Includes bibliographical references (p. 195-203) and index.
|
| 505 |
0 |
|
|a Rags and old iron -- New American enterprises -- Nuisance or necessity? -- All us cats must surely do our bit -- Size matters -- It's not easy being green.
|
| 588 |
|
|
|a Description based on print version record.
|
| 650 |
|
0 |
|a Recycling industry
|z United States
|x History.
|
| 655 |
|
7 |
|a Electronic books.
|2 local
|
| 710 |
2 |
|
|a Project Muse.
|e distributor
|
| 830 |
|
0 |
|a Book collections on Project MUSE.
|
| 856 |
4 |
0 |
|z Texto completo
|u https://projectmuse.uam.elogim.com/book/6047/
|
| 945 |
|
|
|a Project MUSE - Custom Collection
|
| 945 |
|
|
|a Project MUSE - Archive Complete Foundation
|
| 945 |
|
|
|a Project MUSE - Archive History Foundation
|